00395cam a22001337a 4500008004000000020001600040082001200056245010200068260002500170300001000195700001900205700001900224700001800243180718b2001 xxu||||| |||| 00| 0 eng d a81869623011 aA3 B469 aVoices of sanity: reaching out for peacecedited by Kamla Bhasin, Smitu Kothari and Bindia Thapar aDelhibLokayanc2001 a175p. aThapar, Bindia aKothari, Smitu aBhasin, Kamla